000 00453cam a2200181ua 4500
001 10845
005 20260515114652.0
008 190408n ii |||gr||||Z||||||eng
020 _a9788183481441
040 _cMAIN
082 _a425
100 _aS C Gupta,
_eAuthor.
245 _aPractical english grammar and composition
_cBy S C Gupta
260 _aNew Delhi:
_bArihant publications.
300 _a692p.
653 _aEnglish grammar
942 _cBK
999 _c9793
_d9793